[Event "Vladimir Petrov Memorial op"]
[Site "Jurmala"]
[Date "2013.02.17"]
[Round "12"]
[White "Fier, Alexandr"]
[Black "Ivanchuk, Vassily"]
[Result "1/2-1/2"]
[WhiteElo "2577"]
[BlackElo "2758"]
[Annotator "Fier,A"]
[PlyCount "109"]
[EventDate "2013.02.15"]
[EventType "swiss (rapid)"]
[EventRounds "14"]
[EventCountry "LAT"]
[SourceTitle "EXT 2014"]
[Source "ChessBase"]
[SourceDate "2013.11.20"]
[SourceVersion "1"]
[SourceVersionDate "2013.11.20"]
[SourceQuality "1"]

{It's always really nice to play against one of the best players in the world!
This game would be played in the morning, so I had some few hours to prepare
during the night. I started to look at my opponent's repertoire and I realized
that few hours were not going to be enough...} 1. d4 Nf6 2. c4 e6 3. Nf3 b6 4.
g3 Ba6 5. b3 (5. Qc2 {is my usual move, but since I wasn't prepared for this
position, I went to something more classic}) 5... Bb4+ 6. Bd2 Be7 7. Bg2 c6 8.
Bc3 d5 9. Ne5 Nfd7 10. Nxd7 Nxd7 11. Nd2 O-O 12. O-O f5 (12... Rc8 13. e4 c5
14. exd5 exd5 15. dxc5 dxc4 16. c6 cxb3 17. Re1 b2 18. Bxb2 Nc5 19. Nc4 Bxc4
20. Qg4 Bg5 21. Qxc4 Nd3 22. Be5 Nxe1 23. Rxe1 Bf6 24. Bxf6 Qxf6 25. c7 {
was fashion in the 2000's, but nowadays nobody goes for it anymore}) 13. a4 Nf6
14. a5 c5 {Winz,M (2325)-Galkowski,L (2386) BdF 60 jub Worldopen SF02 email
2009 1-0} (14... Bd6 {could be another normal move}) 15. e3 Qd7 16. Qc2 {
I thought that if I could maintain the tension on the center and put my rooks
on the game white should be better because of the pawn on f5} Ne4 17. Nxe4 fxe4
18. Rfd1 Qc6 19. axb6 (19. Rd2 $1 {it was necessary to double the rooks before
opening the position! Here I think white can have a long lasting pressure on
the d5 pawn} Rfd8 (19... Rf7 20. dxc5 bxc5 21. Rad1 Raf8 (21... Rd8 22. Bxe4
$18) 22. cxd5 exd5 23. Rxd5 Rxf2 24. Qxe4 $18) (19... Bf6 20. dxc5 bxc5 21.
Bxf6 Rxf6 22. Rc1 Rc8 23. Bh3 $16) 20. dxc5 bxc5 21. Rad1 {and I think black
can have some problems here}) 19... axb6 20. dxc5 bxc5 21. Qb2 Rf7 22. Bf1 $5 {
I was thinking that with two rooks on the board black can defend easily the
pawns and try to make some pressure on f-file, so I found a way to exchange
one pair of rooks} Bb7 23. Rxa8+ Bxa8 {but the problem is that now I don't
have much pressure either. The position looks a bit more pleasant for white,
but nothing special at all.} 24. Be5 Bb7 25. Bg2 Bf8 26. h4 {trying some
expansion and looking for some Bh3 to go for e6 in some lines} h6 27. Bf1 {
trying to trick a 2750 is never easy, even in a rapid game! but the being
tricked was interesting for black too} Rd7 (27... d4 {is not good for black now
} 28. Bg2 dxe3 (28... d3 29. Rxd3) 29. fxe3 $14) (27... Rf5 $5 {probably I
would be happy here} 28. cxd5 exd5 29. Rxd5 Qe8 $1 {and worried here} (29...
Qe6 {keeps the queen on the diagonal, giving some new chances for white} 30.
Rd8 Rxe5 31. Bc4 Bd5 32. Qxe5 $1 Qxe5 33. Rxd5 Qc3 34. Rf5+ Kh7 35. Rxf8 {
and maybe white is a slightly better}) 30. g4 Rxf2 {this is the point} 31. Bc4
$5 Rf1+ (31... Bxd5 32. Bxd5+ Rf7 33. Qf2 Qd7 34. Qxf7+ Qxf7 35. Bxf7+ Kxf7 $11
) (31... Rxb2 $2 32. Rd8+ Qf7 33. Bxb2 $18) 32. Kg2 {is more funny, but still
equal} (32. Kxf1 Qf7+ 33. Qf2 Bxd5 $11) 32... Bxd5 33. Bxd5+ Rf7 $11) 28. Bg2
Rf7 29. Bh3 Ba6 $6 (29... Be7 {with some Bf6 ideas was better}) 30. Qc2 (30.
Qe2 $1 {this manouvre I overlooked and it's a better plan than the plans I
tried} Bb7 31. Qg4 {giving my 29.Bh3 some sense!} Re7 32. Qg6 d4 33. b4 {
gives white reallly good chances}) 30... Bb7 31. Bg2 Qb6 32. Ra1 d4 $1 {
opening the position and exchanging the pawns black has no problems anymore}
33. Bxe4 dxe3 34. fxe3 (34. f4 {was an interesting idea to try to take the e3
pawn with the queen, but black has suficient resources to keep the position
equal} Bxe4 35. Qxe4 Qxb3 36. Re1 Rb7 37. Rxe3 Qb1+ 38. Kg2 Qxe4+ 39. Rxe4 h5
$11) 34... Bxe4 35. Qxe4 Qxb3 36. Bf4 {trying to play for a win in a position
that is not better for me... Soon I will regret it!} (36. Rf1 {is what I was
going to play when I analyzed this position. It should lead to a quick draw,
since both players are able to defend all the weakenesses} Rxf1+ 37. Kxf1 Qd1+
38. Kg2 Qe2+ 39. Kh3 Qf1+ 40. Kh2 Qe2+ $11) 36... Rf6 37. Rb1 Qa2 38. Rf1 Qe2
$1 {going to g4 and shaking a bit the position. Since I wasn't expecting this
manouvre I started to feel unconfortable in the position} 39. Rf2 Qg4 40. Qe5
$2 {and finally I blunder, letting black win a pawn and almost the game!} Qd1+
$1 41. Kg2 Qd3 42. g4 {time to try to create some kind of desperate counterplay
} Qxc4 43. Rd2 Rf7 (43... h5 $5 {to liberate f5 for the rook was possible} 44.
gxh5 Rf5 45. Qb8 Qe4+ 46. Kh2 e5 47. Bg5 Qg4 {with pressure}) 44. h5 (44. Rd8)
44... Be7 45. Qb8+ Rf8 46. Qb7 {activating my pieces, but now my king is much
more exposed than it should be} Bg5 47. Rd7 Qc2+ (47... Qe2+ $1 {is sufficient
for the win} 48. Kh3 (48. Kg3 Bf6 {[%cal Ge6e5]}) 48... Qf1+ 49. Qg2 (49. Kh2
Bxf4+ 50. exf4 Qxf4+) 49... Qxg2+ 50. Kxg2 Bxf4 51. exf4 Rxf4 52. Kg3 Rf7 {
and black's rook can go to the c-file which makes the victory easy} 53. Rd8+
Rf8 54. Rd7 Rc8 55. Kf3 c4 56. Ke2 c3 57. Kd1 Rc4 $19) 48. Kg3 Qc3 49. Kg2 Bxf4
50. exf4 Rxf4 $2 {a big blunder on time trouble} (50... Kh8 {Is still good for
black, but ok at least white is not getting mated anymore} 51. Qc7 $17) 51.
Rd8+ Rf8 52. Rxf8+ Kxf8 53. Qb8+ {now the king can never escape} Kf7 54. Qc7+
Kg8 (54... Kf6 55. Qf4+ $11) 55. Qb8+ {a game with some errors, normal for
rapid game, still a great experience for me!} (55. Qb8+ Kh7 56. Qb1+ $11)
1/2-1/2

[Event "Leon Masters g/45 26th"]
[Site "Leon"]
[Date "2013.06.07"]
[Round "1"]
[White "Giri, Anish"]
[Black "Ivanchuk, Vassily"]
[Result "1/2-1/2"]
[WhiteElo "2734"]
[BlackElo "2753"]
[Annotator "Estremera,S/Mellado,J"]
[PlyCount "68"]
[EventDate "2013.06.07"]
[EventType "match (rapid)"]
[EventRounds "2"]
[EventCountry "ESP"]
[SourceTitle "CBM 154 Extra"]
[Source "ChessBase"]
[SourceDate "2013.06.25"]
[SourceVersion "2"]
[SourceVersionDate "2013.06.25"]
[SourceQuality "1"]

1. e4 e5 2. Nf3 Nc6 3. Bb5 a6 4. Ba4 Nf6 5. O-O Be7 6. d3 {Así es como se
está jugando la española en los últimos tiempos. Mucha culpa de ello tiene
el óptimo resultado que da a las negras el Gambito Marshall} d6 ({La
continuación habitual es} 6... b5 7. Bb3 O-O {pero en partidas de las
últimas semanas las blancas han cosechado algunos triunfos con la sutil} 8. a3
d6 9. Nc3 Be6 10. Nd5 {el tiempo dirá lo que vale esta nueva idea...}) 7. c3
O-O 8. Nbd2 h6 {El inicio de un plan típico especialmente adecuado, como se
verá, en esta posición concreta.} ({En una reciente partida jugada en el
Grand Prix de la Fide Morozevich continuó.} 8... Re8 9. d4 exd4 10. cxd4 Bf8
11. d5 b5 12. dxc6 bxa4 13. Qxa4 d5 14. e5 Ng4 15. Qd4 Rb8 16. a3 Rb6 17. h3
Nh6 18. Qc3 f6 19. e6 Rxe6 20. Nd4 Re8 21. N2b3 {y las blancas acabaron
imponiéndose en la partida Dominguez Perez,L (2723)-Morozevich,A (2760)
Salónica 2013}) 9. Re1 Bd7 10. Nf1 Nh7 $1 {Esta es la maniobra que inició la
jugada 8...h6, las negras quieren cambiar el caballo blanco de f3 y tal vez
también el alfil en la casilla g5.} 11. d4 b5 $1 12. Bc2 ({Contra} 12. Bb3 {
Ivanchuk podría continuar con} Ng5 13. Bxg5 hxg5 $1 {con idea de responder a}
14. Bd5 {con} g4 $1 {por ejemplo,} 15. N3d2 exd4 16. cxd4 Nxd4 $5 17. Bxa8 Qxa8
{con buena compensación por la calidad}) 12... Ng5 13. Nxg5 ({Giri comentó
que tal vez haya que jugar} 13. d5 {pero las negras no tienen problemas tras}
Na5 14. h3 Nxf3+ 15. Qxf3 Bg5) 13... Bxg5 14. dxe5 Bxc1 15. Rxc1 Nxe5 $1 ({
mucho mejor que} 15... dxe5 16. Ne3 Be6 17. Qf3 Qg5 18. Nd5 {con ligera
ventaja blanca}) 16. Ne3 Qg5 $1 {Ahora son las negras quienes disfrutan de una
leve iniciativa.} 17. Rf1 Nc4 $1 18. Nxc4 bxc4 {Las negras han modificado a su
favor la estructura de peones: Las piezas pesadas de Ivanchuk tienen un
objetivo en el punto "b2"} 19. Ba4 Bxa4 20. Qxa4 Qb5 $1 21. Qc2 Rfb8 {Ivanchuk
intenta sacar el máximo partido a sus torres al reservar la torre de "a" para
apoyar el avance de su peón.} 22. Rb1 a5 23. b3 Qc6 24. Rfe1 ({Sería cumplir
todos los deseos de las negras jugar} 24. bxc4 Qxc4 25. Rb3 a4) 24... Rb5 $5
25. b4 $5 ({Ivanchuk hubiera sin duda respondido a} 25. bxc4 {con} Rc5 $1 {
manteniendo la torre que presionará con fuerza los débiles peones blancos})
25... axb4 26. cxb4 Ra3 {no puede permitirse que las blancas jueguen "a4"} 27.
Rec1 c3 ({Giri comentó con infantil entusiasmo en la rueda de prensa que tras
la celada} 27... Rd3 $4 {esperando} 28. Qxc4 ({Tenía en cartera la sutil} 28.
Qxd3) 28... Rd1+ $1) 28. Rb3 Rxb3 29. Qxb3 Qxe4 30. Qxc3 Rxb4 31. Qxc7 {
y la partida se encamina plácidamente hacia el empate} d5 32. g3 d4 33. Qf4
Qd5 ({Tal vez} 33... f5 $5 {sea más interesante}) 34. Qd2 Rb8 {Y el viejo
Vassili estrechó la mano de su joven adversario.} 1/2-1/2

[Event "Leon Masters g/45 26th"]
[Site "Leon"]
[Date "2013.06.07"]
[Round "2"]
[White "Ivanchuk, Vassily"]
[Black "Giri, Anish"]
[Result "0-1"]
[WhiteElo "2753"]
[BlackElo "2734"]
[Annotator "Estremera,S/Mellado,J"]
[PlyCount "44"]
[EventDate "2013.06.07"]
[EventType "match (rapid)"]
[EventRounds "2"]
[EventCountry "ESP"]
[SourceTitle "CBM 154 Extra"]
[Source "ChessBase"]
[SourceDate "2013.06.25"]
[SourceVersion "2"]
[SourceVersionDate "2013.06.25"]
[SourceQuality "1"]

1. d4 Nf6 2. c4 g6 3. g3 Bg7 4. Bg2 c5 5. d5 O-O 6. Nc3 d6 7. Nf3 e6 8. O-O (8.
dxe6 Bxe6 9. Ng5 Bxc4 10. Bxb7 Nbd7 11. Bxa8 Qxa8 {es sabido desde hace años
que otorga compensación más que suficiente}) 8... exd5 9. cxd5 {Tenemos
servida la defensa indo-Benoni} Re8 10. Bf4 {una de las dos continuaciones
principales} ({la otra es} 10. Nd2) 10... Na6 11. Re1 Bg4 $5 12. h3 ({Giri
comentó después que se había inspirado en la siguiente partida:} 12. Qb3 b5
$1 13. Nxb5 Rb8 14. Qa4 Qd7 15. Qxa6 Rxb5 16. Qxd6 Qxd6 17. Bxd6 Ne4 18. Bc7
Rxb2 19. d6 Bd7 20. Rab1 c4 21. Rxb2 Bxb2 22. e3 c3 23. Nd4 f5 24. Bf1 Nd2 25.
Bd3 c2 $1 {Y las negras acabaron imponiendo la ventaja material en Grischuk,A 
(2756)-Gashimov,V (2740) Niza 2010}) 12... Bf5 $1 {Una idea fresca que Giri
confesó haber trabajado en casa con ayuda de los ordenadores. Las negras
planean jugar Ne4 o incluso Be4} ({El propio Ivanchuk ha recorrido no hace
mucho estos mismos caminos pero optando por la más habitual} 12... Bxf3 13.
Bxf3 Nd7 14. e4 Qe7 15. Bg2 Nc7 16. a4 a6 17. Bf1 Rab8 {y llegando a una
posición canónica de la Benoni en Wang Yue (2738)-Ivanchuk,V (2746) Sofia
2009}) 13. Qb3 ({si} 13. Nd2 Nh5 {sería muy molesta}) ({a} 13. g4 {vendría}
Be4) ({y contra} 13. Nh4 Be4 ({Giri señaló que también es jugable} 13... Bd7
14. Bxd6 Bxh3) 14. f3 Nh5 $1 {y todo cuadra en la posición negra}) 13... b5 $1
{Giri que conocía la partida antes mencionada de Vugar Gashimov, no tuvo
especiales problemas para encontrar este golpe} 14. Nxb5 (14. Qxb5 Nb4 15. Rad1
Rb8 16. Qc4 Nc2 17. Rf1 Rxb2 {es más que satisfactorio}) 14... Rb8 15. Qa4 Qd7
16. Nc3 $5 (16. Qxa6 Rxb5 17. Qxd6 Qxd6 18. Bxd6 Ne4 19. Bf4 Rxb2 {es una
continuación que nos llevaría a una posición casi idéntica a la de la
partida de Gashimov}) 16... Qxa4 17. Nxa4 Nxd5 18. Bxd6 Rbd8 $1 {Una jugada
muy fuerte que sin duda escapó a los cálculos de Ivanchuk, que,desmoralizado,
entrega la partida en pocas jugadas} 19. Bxc5 $4 {perdiendo una pieza} ({
Sin embargo, existía una posibilidad de supervivencia jugando} 19. e4 $3 Rxe4
({si} 19... Bxe4 20. Nxc5 Bxf3 21. Rxe8+ Rxe8 22. Bxf3) 20. Rxe4 Bxe4 21. Nxc5
$1 Bxf3 22. Bxf3 Rxd6 23. Nxa6 Rxa6 24. Bxd5 Bxb2 {y todo hubiera acabado en
un emocionante empate}) 19... Bd7 $1 {pero ahora las negras ganan una pieza}
20. Bxa7 Bxa4 21. Bd4 Ndb4 $1 22. Bxg7 Kxg7 {e Ivanchuk abandonó renunciando
a una resistencia, quizás inútil, pero todavía posible. Giri se anota así
el primer encuentro de los tres previstos en este XXVI Torneo Magistral Ciudad
de León.} 0-1

[Event "FIDE World Cup"]
[Site "Tromsoe"]
[Date "2013.08.14"]
[Round "2.1"]
[White "Robson, Ray"]
[Black "Ivanchuk, Vassily"]
[Result "0-1"]
[WhiteElo "2623"]
[BlackElo "2731"]
[Annotator "Szabo,Kr"]
[PlyCount "106"]
[EventDate "2013.08.11"]
[EventType "k.o."]
[EventRounds "7"]
[EventCountry "NOR"]
[SourceTitle "CBM 156"]
[Source "ChessBase"]
[SourceDate "2013.09.17"]
[SourceVersion "1"]
[SourceVersionDate "2013.09.17"]
[SourceQuality "1"]

1. e4 e5 2. Nf3 Nf6 3. d4 Nxe4 4. dxe5 d5 ({Five years ago Ivanchuk
successfully tried the sharper line with} 4... Bc5 5. Qd5 Bxf2+ 6. Kd1 (6. Ke2
f5 $132) 6... f5 $1 7. Bc4 Qe7 8. Nc3 c6 9. Qd3 b5 $1 10. Bb3 a5 $5 11. a4 b4
$1 12. Nxe4 fxe4 13. Qe2 (13. Qxe4 d5 14. Qf4 Nd7 $15) 13... d5 $1 $36 {
and Black looks nicely placed, Bruzon Batista-Ivanchuk, Merida (m/1) 2007.}) 5.
Nbd2 Nxd2 (5... Nc5 6. a3 a5 7. Be2 Be7 8. O-O O-O 9. Re1 Nc6 10. Nf1 Bf5 11.
Ng3 Bg6 12. Be3 a4 13. Bb5 Na5 14. Nd4 c6 15. Bf1 f6 {(Short-Kramnik, Wijk aan
Zee 2010)} 16. e6 $5 {This move is a little bit risky, but White can fight for
the initiative.} Ne4 17. Ngf5 $36) 6. Bxd2 (6. Qxd2 {is also possible} c5 7.
Qf4 h6 8. Qg3 Nc6 9. Bd3 Be6 (9... Nb4 $5) 10. O-O g5 11. b3 Be7 12. Ne1 Qb6
13. c4 O-O-O 14. cxd5 Rxd5 15. Bc4 Rd7 $13 {Jakovenko-Gelfand, Odessa rapid
2009}) 6... Be7 7. c4 (7. Bd3 {is more common, for example:} Nd7 (7... c5 $5)
8. c3 Nc5 9. Bc2 O-O 10. O-O $14 {Sutovsky-Gashimov, Poikovsky 2008}) 7... Nc6
8. Qc2 Be6 9. Rd1 $146 {The first novelty in the game. Robson tries to improve
on 9.0-0-0, he wants to castle on the Kside.} (9. O-O-O a5 ({Probably Ivanchuk
is preparing for} 9... Qd7 {similar to what happened in the game} 10. Bc3 O-O-O
$13) 10. a3 (10. Be3 $2 {still too early, because of} Nb4 $1 $17) 10... Qc8 {
The Q should leave the d-file.} (10... O-O $2 11. Be3 $16 {and the pin is very
unpleasant for Black, Nepomniachtchi-Drazic, Rijeka 2010.}) 11. cxd5 Bxd5 12.
Be3 Be6 $13 {with an unclear battle.}) 9... Qd7 10. Bc3 O-O-O (10... Nb4 $6 {
is too early, as} 11. Qd2 $1 {and the d5 P will be hanging.}) 11. Be2 $6 {
A very logical development move, but White allows Black's unpleasant reply.} (
11. a3 {was the correct answer to defend the b4-square.}) 11... Nb4 $1 12. Qd2
$6 ({The engine suggests} 12. Qb1 {, but} Bf5 13. Qc1 Nc2+ 14. Kf1 Qe6 {
and the computer considers the postion to be equal, but by human measures, in
my view, it is more pleasant for Black. White's position looks too risky,
because of his K.}) 12... Qa4 $1 {Another strong move by Ivanchuk!} 13. b3 Qa3
{White is short of only one tempo to finish the development with castling, but
just because of this he is in trouble.} 14. c5 {Forced, otherwise the d-file
will be opened.} Bxc5 15. O-O d4 $1 16. Bxb4 Bxb4 17. Qc2 $6 ({Probably} 17.
Qf4 {was slightly better, but it was difficult to remove one's strongest piece
from Qside, especially in a practical game.} Bc3 (17... Qxa2 18. Nxd4) 18. Nxd4
Bxd4 19. Rxd4 Rxd4 20. Qxd4 Rd8 21. Qe3 Qxa2 $15) 17... Bc3 $1 $17 {Now the c3
B and the d4 P completely cramp White's position.} 18. Ng5 Kb8 19. f4 g6 (19...
Qe7 {was also strong} 20. Nxe6 fxe6 $17 {and Black has a P up, he stands
better.}) 20. Bc4 Qc5 21. Qd3 Bf5 22. Qf3 f6 $1 {An unexpectedly strong
decision.} 23. Nf7 ({In the event of} 23. exf6 d3+ 24. Kh1 Bxf6 25. Bxd3 Bxd3
26. Rxd3 Rxd3 27. Qxd3 Bxg5 28. fxg5 Qxg5 $17) 23... fxe5 24. fxe5 Bc2 $1 25.
Nxd8 Rxd8 26. Qf6 d3+ ({The simple} 26... Rc8 $17 {was also good.}) 27. Kh1 Qd4
$6 {A small inaccuracy, but it was difficult to find White's next strong
answer.} (27... Re8 {was the correct move} 28. Rxd3 Bxd3 29. Bxd3 Bxe5 $17 {
and White can face a long period of torture.}) 28. Rf4 $6 {Returns the
compliment.} (28. Rf3 $1 {was the best chance,} Rc8 $1 {only move} (28... Bxd1
$4 29. Rxd3 $18 {and White is, who wins.}) 29. Rfxd3 Bxd3 30. Rxd3 Qe4 31. Rd8
{and even White can hope for something.}) 28... Qd7 29. Be6 Qe8 30. Rdf1 d2 31.
Bg4 {Now White threatens with Qxd8.} (31. Qxd8+ $2 {is not working, as} Qxd8
32. Rf8 d1=Q $19) 31... Bf5 $1 {Ivanchuk again finds the strongest move.} (
31... Bxe5 $4 {loses by} 32. Qxd8+ Qxd8 33. Rf8 $18) 32. Rxf5 (32. Bxf5 d1=Q
$19) 32... gxf5 33. Bf3 Bxe5 34. Qxf5 Qe7 35. Qe4 c6 36. Rd1 Qg5 $19 {Black
has an extra P; it looks very dangerous on d2. Black needs a few exact moves
to avoid White's practical counterchances.} 37. g3 h6 38. Kg2 a6 39. Qb4 Rd4
40. Qf8+ Rd8 41. Qb4 Rd4 42. Qf8+ Kc7 43. Qc5 Qe3 44. b4 Bd6 45. Qa5+ Kc8 46.
b5 axb5 47. Qa8+ Bb8 48. Rf1 d1=Q 49. Bxd1 Rd2+ 50. Kh3 Rxh2+ $1 51. Kg4 Qxg3+
52. Kf5 Qe5+ 53. Kg6 Rg2+ 0-1